Dopady hospodárskej krízy na automobilový priemysel diplomová práca

Guardado en:
Detalles Bibliográficos
Autor principal: Domonkos, Alexander
Autor Corporativo: Národohospodárska fakulta EU. Katedra financií
Otros Autores: Jančovičová Bognárová, Kristína, 1979-
Formato: Libro
Lenguaje:eslovaco
Publicado: Bratislava 2013
Etiquetas: Agregar Etiqueta
Sin Etiquetas, Sea el primero en etiquetar este registro!

MARC

LEADER 00000nbm a2200000 4500
001 0170572
005 20161109102355.1
041 0 |a slo 
044 |a SK 
245 1 0 |a Dopady hospodárskej krízy na automobilový priemysel  |b diplomová práca  |c Alexander Domonkos ; školiteľ: Kristína Jančovičová Bognárová 
264 1 |a Bratislava  |c 2013 
300 |a 77 s. 
100 1 |a Domonkos, Alexander 
700 1 |a Jančovičová Bognárová, Kristína, 1979- 
710 2 |a Národohospodárska fakulta EU. Katedra financií